[Event "Gibraltar Masters 9th"]
[Site "Caleta"]
[Date "2011.01.25"]
[Round "1"]
[White "Urbina Perez, Juan Antonio"]
[Black "Flores Chico, Jorge"]
[Result "1-0"]
[WhiteElo "2189"]
[BlackElo "1999"]
[PlyCount "151"]
[EventDate "2011.01.25"]
[EventType "swiss"]
[EventRounds "10"]
[EventCountry "GGB"]
[SourceTitle "CBM 141"]
[Source "ChessBase"]
[SourceDate "2011.03.17"]
[SourceVersion "1"]
[SourceVersionDate "2011.03.17"]
[SourceQuality "1"]

1. e4 e6 2. d4 d5 3. Nd2 Nf6 4. e5 Nfd7 5. Bd3 c5 6. c3 Nc6 7. Ne2 cxd4 8. cxd4 f6 9. exf6 Nxf6 10. 0-0 Bd6 11. Nf3 Qc7 12. Bg5 0-0 13. Bh4 Nh5 14. Qc2 h6 15. Bg6 Nf4 16. Nxf4 Rxf4 17. Bg3 Rf8 18. b4 Ne7 19. Bh7+ Kh8 20. Qxc7 Bxc7 21. Bxc7 Kxh7 22. Bd6 Re8 23. Bxe7 Rxe7 24. Rac1 b6 25. Rfe1 Ba6 26. Ne5 Bb5 27. Re3 a5 28. Ra3 Rea7 29. bxa5 Rxa5 30. Rb3 R8a6 31. h3 Be2 32. Rg3 Ra7 33. Rc8 Rxa2 34. Ng6 Ra8 35. Rc7 R2a7 36. Nf8+ Kh8 37. Nxe6 Rxc7 38. Nxc7 Rd8 39. Rb3 b5 40. Rb2 Bc4 41. Rb1 Rb8 42. Na6 Rb7 43. f3 Ra7 44. Nb4 Kh7 45. Nc6 Ra2 46. Nb4 Rd2 47. Nc6 Ra2 48. Nb4 Ra4 49. g4 Kg6 50. Kf2 Ra3 51. Rb2 Ra1 52. Nc2 Rh1 53. Kg2 Rd1 54. Na3 Kg5 55. Nxb5 Kf4 56. Nc7 Ke3 57. Ne6 g5 58. Rf2 Bd3 59. Ra2 Bf1+ 60. Kg3 Bd3 61. Kg2 Re1 62. Ra3 Re2+ 63. Kg3 Kd2 64. Ra2+ Bc2 65. Nc7 Re3 66. Nxd5 Rb3 67. Kf2 Kc1 68. Ne3 Bb1 69. Re2 Bd3 70. Re1+ Kd2 71. Rd1+ Kc3 72. d5 Kd4 73. Nf5+ Ke5 74. d6 Kf4 75. Rd2 Bxf5 76. gxf5 1-0

[Event "Gibraltar Masters 8th"]
[Site "Caleta"]
[Date "2010.02.03"]
[Round "9"]
[White "Bindrich, Oswald"]
[Black "Flores Chico, Jorge"]
[Result "1-0"]
[WhiteElo "2173"]
[BlackElo "2052"]
[PlyCount "79"]
[EventDate "2010.01.26"]
[EventType "swiss"]
[EventRounds "10"]
[EventCountry "GGB"]
[SourceTitle "CBM 134 Extra"]
[Source "ChessBase"]
[SourceDate "2010.03.03"]
[SourceVersion "1"]
[SourceVersionDate "2010.03.03"]
[SourceQuality "1"]

1. e4 c5 2. Nf3 d6 3. d4 cxd4 4. Nxd4 Nf6 5. Nc3 g6 6. Be3 Bg7 7. f3 Nbd7 8. Qd2 a6 9. 0-0-0 b5 10. Kb1 Bb7 11. g4 h6 12. h4 b4 13. Nce2 Nc5 14. Ng3 Rb8 15. Bg2 h5 16. gxh5 Nxh5 17. Qf2 Na4 18. f4 Nf6 19. Qe2 Nxb2 20. Kxb2 Qa5 21. Kb1 Nd7 22. e5 b3 23. cxb3 dxe5 24. Nc6 Bxc6 25. Bxc6 0-0 26. Rxd7 Rfc8 27. Rc1 exf4 28. Bd4 Bxd4 29. Rxd4 fxg3 30. Rdc4 e6 31. Rc5 Qd8 32. h5 g5 33. Qe5 Qd3+ 34. Ka1 Rb6 35. Qxg5+ Kf8 36. h6 Qd4+ 37. Kb1 Qd3+ 38. Kb2 Qd4+ 39. R5c3 Qf2+ 40. R1c2 1-0

[Event "Malaga op 12th"]
[Site "Malaga"]
[Date "2009.07.15"]
[Round "6"]
[White "Dominguez Garcia, Francisco"]
[Black "Flores Chico, Jorge"]
[Result "1-0"]
[WhiteElo "1956"]
[BlackElo "2108"]
[PlyCount "117"]
[EventDate "2009.07.11"]
[EventType "swiss"]
[EventRounds "9"]
[EventCountry "ESP"]
[SourceTitle "CBM 131 Extra"]
[Source "ChessBase"]
[SourceDate "2009.09.03"]
[SourceVersion "2"]
[SourceVersionDate "2009.09.16"]
[SourceQuality "1"]

1. e4 e6 2. Nc3 d5 3. d4 Nf6 4. e5 Nfd7 5. f4 c5 6. Nf3 Nc6 7. Be3 Qb6 8. Na4 Qa5+ 9. c3 cxd4 10. b4 Qc7 11. Nxd4 a6 12. Nb2 Ncxe5 13. fxe5 Qxc3+ 14. Qd2 Bxb4 15. Kd1 Qxd2+ 16. Bxd2 Bxd2 17. Kxd2 Nxe5 18. Rc1 Ke7 19. Na4 b5 20. Nb2 Bd7 21. Bd3 Rac8 22. Rce1 Kd6 23. Rhf1 f6 24. Re3 Nxd3 25. Rxd3 Rc7 26. Rg3 g6 27. Rxf6 Ke7 28. Rxe6+ Bxe6 29. Re3 Kd7 30. Rxe6 Rf8 31. Nd3 Rf1 32. Rxa6 Rg1 33. Ne1 Rc4 34. Ndf3 Rh1 35. Ne5+ Kc7 36. Nxc4 dxc4 37. Ra7+ Kb6 38. Rxh7 Rf1 39. Re7 Rf2+ 40. Re2 Rf6 41. Kc3 Rd6 42. Kb4 Rc6 43. Re5 c3 44. Rxb5+ Ka6 45. Rc5 Re6 46. Rxc3 Rxe1 47. Rc6+ Kb7 48. Rxg6 Re4+ 49. Kb5 Re5+ 50. Kc4 Re4+ 51. Kd5 Ra4 52. g3 Rxa2 53. h4 Kc7 54. Ke6 Ra5 55. g4 Kd8 56. Rg8+ Kc7 57. h5 Ra6+ 58. Kf7 Kd7 59. Rg6 1-0

[Event "Gibraltar Masters 7th"]
[Site "Gibraltar"]
[Date "2009.02.03"]
[Round "8"]
[White "Flores Chico, Jorge"]
[Black "Haug, Marianne Wold"]
[Result "1/2-1/2"]
[WhiteElo "2121"]
[BlackElo "1935"]
[PlyCount "117"]
[EventDate "2009.01.27"]
[EventType "swiss"]
[EventRounds "10"]
[EventCountry "ENG"]
[SourceTitle "CBM 128 Extra"]
[Source "ChessBase"]
[SourceDate "2009.03.05"]
[SourceVersion "2"]
[SourceVersionDate "2009.03.25"]
[SourceQuality "1"]

1. d4 Nf6 2. Nc3 d5 3. Bg5 c5 4. Nf3 cxd4 5. Qxd4 Nc6 6. Qh4 e5 7. 0-0-0 Be6 8. e4 d4 9. Nd5 Be7 10. c4 h6 11. Kb1 0-0 12. Bd3 hxg5 13. Nxg5 Re8 14. f4 Bd6 15. Rhf1 Bxd5 16. cxd5 Nb4 17. f5 Rc8 18. a3 Nxd3 19. Rxd3 Qc7 20. Rh3 Kf8 21. Qh8+ Ke7 22. Qxg7 Rf8 23. Rh6 Ne8 24. Qh7 Nf6 25. Rxf6 Kxf6 26. Ne6 Qc2+ 27. Ka1 Ke7 28. f6+ Kd7 29. Qf5 fxe6 30. Qh7+ Ke8 31. dxe6 Rc7 32. Qg6+ Kd8 33. e7+ Rxe7 34. fxe7+ Bxe7 35. Rxf8+ Bxf8 36. Qf6+ Be7 37. Qxe5 Qc1+ 38. Ka2 Qc4+ 39. Kb1 d3 40. Qa5+ b6 41. Qxa7 Qc2+ 42. Ka1 d2 43. Qa8+ Kc7 44. Qa7+ Kc6 45. Qa8+ Kb5 46. Qd5+ Bc5 47. Qd7+ Ka6 48. Qc8+ Ka5 49. Qa8+ Kb5 50. Qe8+ Kc4 51. Qf7+ Kd3 52. Qf1+ Kd4 53. Qf6+ Kd3 54. Qf1+ Kxe4 55. Qf3+ Ke5 56. Qg3+ Kd4 57. Qf2+ Kd5 58. Qf7+ Ke5 59. Qg7+ 1/2-1/2

[Event "Gibraltar Masters 7th"]
[Site "Gibraltar"]
[Date "2009.01.27"]
[Round "1"]
[White "Garcia Lechugo, Francisco"]
[Black "Flores Chico, Jorge"]
[Result "0-1"]
[WhiteElo "1688"]
[BlackElo "2121"]
[PlyCount "78"]
[EventDate "2009.01.27"]
[EventType "swiss"]
[EventRounds "10"]
[EventCountry "ENG"]
[SourceTitle "CBM 128 Extra"]
[Source "ChessBase"]
[SourceDate "2009.03.05"]
[SourceVersion "2"]
[SourceVersionDate "2009.03.25"]
[SourceQuality "1"]

1. a3 e5 2. d3 d5 3. g3 Nf6 4. Bg2 Bc5 5. Nf3 e4 6. dxe4 Nxe4 7. 0-0 0-0 8. b4 Be7 9. Nbd2 Bf6 10. Nxe4 dxe4 11. Qxd8 Rxd8 12. Ng5 Bxa1 13. Nxe4 Be5 14. Nc5 c6 15. f4 Bd4+ 16. e3 Bxc5 17. bxc5 Na6 18. Bf3 Nxc5 19. g4 f5 20. Rf2 fxg4 21. Be2 Bf5 22. Rg2 Na4 23. Bc4+ Kf8 24. Bd2 Be4 25. Rf2 b5 26. Be6 h5 27. f5 Rd6 28. c4 Rad8 29. Bd5 cxd5 30. Bb4 Kf7 31. c5 Rf6 32. Rf1 Rxf5 33. Rc1 Bd3 34. c6 Rc8 35. Bd6 Ke6 36. Bf4 g5 37. Bg3 h4 38. Bf2 Bc4 39. e4 dxe4 0-1

[Event "Gibraltar Masters 6th"]
[Site "Gibraltar"]
[Date "2008.01.28"]
[Round "7"]
[White "Pettersson, Anders"]
[Black "Flores Chico, Jorge"]
[Result "0-1"]
[WhiteElo "1984"]
[BlackElo "2092"]
[PlyCount "72"]
[EventDate "2008.01.22"]
[EventType "swiss"]
[EventRounds "10"]
[EventCountry "ENG"]
[SourceTitle "CBM 122 Extra"]
[Source "ChessBase"]
[SourceDate "2008.03.04"]
[SourceVersion "1"]
[SourceVersionDate "2008.03.04"]
[SourceQuality "1"]

1. d4 d5 2. c4 Nc6 3. Nc3 dxc4 4. e3 e5 5. d5 Nce7 6. Bxc4 Ng6 7. Nge2 Nf6 8. e4 Bd6 9. 0-0 0-0 10. Ng3 Ng4 11. h3 Nxf2 12. Rxf2 Bc5 13. Qe1 Bxf2+ 14. Qxf2 f5 15. exf5 Qh4 16. Nge4 Qxf2+ 17. Nxf2 Bxf5 18. Be3 Kh8 19. Rd1 a6 20. Nce4 b6 21. a3 h6 22. Rd2 Ne7 23. d6 cxd6 24. Nxd6 b5 25. Bb3 Rf6 26. g4 Be6 27. Bxe6 Rxe6 28. Nfe4 Nc6 29. Rc2 Ne7 30. Bc5 Nd5 31. b4 Kh7 32. Kh2 Rf8 33. Kg3 Rf1 34. Rf2 Ra1 35. Rf3 Nf4 36. Nf7 Ra2 0-1

[Event "Gibraltar Masters 6th"]
[Site "Gibraltar"]
[Date "2008.01.23"]
[Round "2"]
[White "Foisor, Cristina Adela B"]
[Black "Flores Chico, Jorge"]
[Result "1-0"]
[WhiteElo "2412"]
[BlackElo "2092"]
[PlyCount "94"]
[EventDate "2008.01.22"]
[EventType "swiss"]
[EventRounds "10"]
[EventCountry "ENG"]
[SourceTitle "CBM 122 Extra"]
[Source "ChessBase"]
[SourceDate "2008.03.04"]
[SourceVersion "1"]
[SourceVersionDate "2008.03.04"]
[SourceQuality "1"]

1. Nf3 d5 2. g3 Nc6 3. Bg2 Bg4 4. h3 Bf5 5. d3 e5 6. Nc3 Be7 7. 0-0 Be6 8. e4 d4 9. Nd5 Bxd5 10. exd5 Qxd5 11. Re1 Qd6 12. Qe2 f6 13. Nh4 g6 14. Bd2 0-0-0 15. b4 Bf8 16. f4 Bg7 17. a4 Nge7 18. b5 Nb4 19. fxe5 fxe5 20. Qg4+ Kb8 21. Qf3 Nbd5 22. Bg5 Rhf8 23. Qe4 Rd7 24. Rf1 Nc8 25. Kh2 Qe6 26. a5 Rxf1 27. Rxf1 c6 28. bxc6 Qxc6 29. Rf2 Qe6 30. Bd2 Nde7 31. Nf3 Nd6 32. Qe1 Nf7 33. Qb1 Nf5 34. Re2 h5 35. h4 Re7 36. Bh3 Qc6 37. Bg2 Qe6 38. c4 Bh6 39. Bh3 Bxd2 40. Nxd2 g5 41. Rf2 g4 42. Bg2 Ne3 43. Ne4 Nxg2 44. Kxg2 Qa6 45. Qb4 Qe6 46. a6 Nd8 47. Rf8 Qd7 1-0

[Event "Gibraltar Masters"]
[Site "Gibraltar"]
[Date "2006.02.01"]
[Round "9"]
[White "Flores Chico, Jorge"]
[Black "Jaime Montalvan, Luis Felipe"]
[Result "1-0"]
[WhiteElo "2136"]
[BlackElo "2242"]
[PlyCount "101"]
[EventDate "2006.01.24"]
[EventType "swiss"]
[EventRounds "10"]
[EventCountry "ENG"]
[SourceTitle "CBM 110 Extra"]
[Source "ChessBase"]
[SourceDate "2006.03.10"]
[SourceVersion "2"]
[SourceVersionDate "2006.03.10"]
[SourceQuality "1"]

1. d4 Nf6 2. Nc3 c5 3. Bg5 cxd4 4. Qxd4 Qa5 5. Bxf6 gxf6 6. 0-0-0 Nc6 7. Qd5 Qxd5 8. Nxd5 Kd8 9. e4 d6 10. f4 Bg7 11. Kb1 e6 12. Ne3 Kc7 13. Nf3 b6 14. g3 Bb7 15. Bg2 Rhd8 16. Rhe1 Rac8 17. a3 Kb8 18. Rd2 Na5 19. Nd4 a6 20. Red1 Nc4 21. Nxc4 Rxc4 22. b3 Rc3 23. f5 e5 24. Ne2 Re3 25. Kb2 Rc8 26. c4 Bf8 27. Nc3 b5 28. Rd3 Rxd3 29. Rxd3 bxc4 30. bxc4 Rxc4 31. Nd5 Bxd5 32. Rxd5 Kc7 33. Ra5 Kb6 34. Rxa6+ Kxa6 35. Bf1 Kb5 36. Kb3 Kc5 37. Bxc4 Kd4 38. Bd5 Ke3 39. a4 Kf3 40. Kc4 Bh6 41. a5 Be3 42. a6 Bc5 43. Kd3 Kg2 44. g4 Kxh2 45. g5 fxg5 46. Bxf7 g4 47. Bh5 g3 48. Bf3 g2 49. Bxg2 Kxg2 50. f6 Kf3 51. a7 1-0

[Event "Gibraltar Masters"]
[Site "Gibraltar"]
[Date "2006.01.31"]
[Round "8"]
[White "Pannekoek, Willem Jan"]
[Black "Flores Chico, Jorge"]
[Result "0-1"]
[WhiteElo "2083"]
[BlackElo "2136"]
[PlyCount "80"]
[EventDate "2006.01.24"]
[EventType "swiss"]
[EventRounds "10"]
[EventCountry "ENG"]
[SourceTitle "CBM 110 Extra"]
[Source "ChessBase"]
[SourceDate "2006.03.10"]
[SourceVersion "2"]
[SourceVersionDate "2006.03.10"]
[SourceQuality "1"]

1. e4 e6 2. d4 d5 3. Nc3 Nf6 4. Bg5 Bb4 5. e5 h6 6. Bd2 Bxc3 7. bxc3 Ne4 8. Qg4 g6 9. Bd3 Nxd2 10. Kxd2 c5 11. Nf3 Nc6 12. h4 Qc7 13. Rhb1 Bd7 14. Rb2 c4 15. Bf1 0-0-0 16. g3 f6 17. Qf4 Rdf8 18. Qe3 f5 19. Ng1 Be8 20. Nh3 Qe7 21. f4 Nd8 22. a4 Bc6 23. a5 Qc7 24. Ke1 Rfg8 25. Kf2 Nf7 26. Be2 Rg7 27. g4 Qe7 28. Kg3 fxg4 29. Bxg4 h5 30. Be2 Nh6 31. Qf2 Nf5+ 32. Kh2 Nxh4 33. Ng5 Nf5 34. Rab1 Nh6 35. Kg3 Rf8 36. Qg1 Nf7 37. Kh3 Nxg5+ 38. fxg5 Rf5 39. Bxc4 Rxg5 40. Qe3 Rg4 0-1

[Event "Gibraltar Masters"]
[Site "Gibraltar"]
[Date "2006.01.28"]
[Round "5"]
[White "Flores Chico, Jorge"]
[Black "Cmilyte, Viktorija"]
[Result "0-1"]
[WhiteElo "2136"]
[BlackElo "2475"]
[PlyCount "72"]
[EventDate "2006.01.24"]
[EventType "swiss"]
[EventRounds "10"]
[EventCountry "ENG"]
[SourceTitle "CBM 110 Extra"]
[Source "ChessBase"]
[SourceDate "2006.03.10"]
[SourceVersion "2"]
[SourceVersionDate "2006.03.10"]
[SourceQuality "1"]

1. e4 c5 2. Nf3 Nc6 3. d4 cxd4 4. Nxd4 Nf6 5. Nc3 e5 6. Ndb5 d6 7. Bg5 a6 8. Na3 b5 9. Bxf6 gxf6 10. Nd5 f5 11. exf5 Bxf5 12. c3 Bg7 13. Nc2 0-0 14. Nce3 Be6 15. Bd3 f5 16. Qh5 e4 17. Bc2 Ne7 18. Nf4 Bf7 19. Qh3 Qc8 20. 0-0 b4 21. g4 fxg4 22. Nxg4 Bc4 23. Nh5 Be2 24. f3 Bxf3 25. Rxf3 Rxf3 26. Qh4 d5 27. Nxg7 Ng6 28. Qg5 Kxg7 29. Bd1 Rf4 30. h4 Qf5 31. Qh6+ Kh8 32. Ne3 Qh3 33. Ng2 Raf8 34. Bh5 Rf2 35. Qg5 Rxg2+ 36. Qxg2 Qxg2+ 0-1

[Event "Gibraltar Masters"]
[Site "Gibraltar"]
[Date "2006.01.27"]
[Round "4"]
[White "Matto, Manuel"]
[Black "Flores Chico, Jorge"]
[Result "0-1"]
[WhiteElo "1954"]
[BlackElo "2136"]
[PlyCount "138"]
[EventDate "2006.01.24"]
[EventType "swiss"]
[EventRounds "10"]
[EventCountry "ENG"]
[SourceTitle "CBM 110 Extra"]
[Source "ChessBase"]
[SourceDate "2006.03.10"]
[SourceVersion "2"]
[SourceVersionDate "2006.03.10"]
[SourceQuality "1"]

1. e4 e6 2. Nf3 d5 3. e5 c5 4. d4 Nc6 5. c3 Qb6 6. Be2 cxd4 7. cxd4 Nh6 8. 0-0 Nf5 9. Nc3 Nfxd4 10. Nxd4 Qxd4 11. Qxd4 Nxd4 12. Bb5+ Bd7 13. Bxd7+ Kxd7 14. Be3 Nc6 15. f4 g6 16. a3 d4 17. Rad1 Kc8 18. Rxd4 Nxd4 19. Bxd4 Be7 20. Nb5 Rd8 21. Rc1+ Kd7 22. Bxa7 Rac8 23. Rd1+ Kc6 24. Nd4+ Kc7 25. Nb5+ Kc6 26. Nd4+ Kd5 27. Bb6 Ke4 28. Re1+ Kxf4 29. g3+ Kg5 30. Bxd8 Bxd8 31. Nf3+ Kg4 32. Nd2 Bb6+ 33. Kg2 Rc2 34. Re2 Rxb2 35. h3+ Kh5 36. Kf3 Rc2 37. Ne4 Rxe2 38. Kxe2 Bd4 39. Nf6+ Kg5 40. Ne4+ Kf5 41. Nd6+ Kxe5 42. Nxf7+ Kd5 43. Ng5 b5 44. Kd3 h6 45. Nxe6 Be5 46. Nf4+ Kc6 47. Nxg6 Bd6 48. g4 Bxa3 49. Ne5+ Kd5 50. Nf7 Bf8 51. g5 h5 52. Nh8 Ke6 53. Ng6 Bd6 54. Nh4 Be7 55. Nf3 Kf5 56. h4 Kg4 57. Ke4 b4 58. g6 Bf6 59. Ng5 b3 60. Kd3 Kf5 61. Ne4 Kxg6 62. Nd2 b2 63. Kc2 Kf5 64. Nc4 Kg4 65. Nd6 Kxh4 66. Nf5+ Kg5 67. Ng3 h4 68. Ne4+ Kf5 69. Nf2 Kf4 0-1

[Event "Gibraltar Masters"]
[Site "Caleta"]
[Date "2005.02.01"]
[Round "8"]
[White "Rios Gonzalez, Jose Antonio"]
[Black "Flores Chico, Jorge"]
[Result "0-1"]
[WhiteElo "2070"]
[BlackElo "2125"]
[PlyCount "54"]
[EventDate "2005.01.25"]
[EventType "swiss"]
[EventRounds "10"]
[EventCountry "GGB"]
[SourceTitle "CBM 104 Extra"]
[Source "ChessBase"]
[SourceDate "2005.03.01"]
[SourceVersion "1"]
[SourceVersionDate "2005.03.01"]
[SourceQuality "1"]

1. d4 d5 2. c4 Nc6 3. Nc3 Nf6 4. Bf4 dxc4 5. d5 e5 6. dxc6 Qxd1+ 7. Rxd1 exf4 8. g3 fxg3 9. hxg3 bxc6 10. Bg2 Bd7 11. Rh4 Rb8 12. Rd2 Bd6 13. Rxc4 0-0 14. e3 c5 15. Nge2 Rb4 16. Rh4 g5 17. Rh6 Kg7 18. Rh1 Rfb8 19. f4 Rxb2 20. fxg5 Ng4 21. Be4 f5 22. gxf6+ Nxf6 23. Bc2 Re8 24. Kd1 Bg4 25. Kc1 Rbb8 26. Nf4 c4 27. Ncd5 Ba3# 0-1

[Event "Gibraltar Masters"]
[Site "Caleta"]
[Date "2005.01.27"]
[Round "3"]
[White "Flores Chico, Jorge"]
[Black "Kristjansson, Stefan"]
[Result "0-1"]
[WhiteElo "2125"]
[BlackElo "2438"]
[PlyCount "58"]
[EventDate "2005.01.25"]
[EventType "swiss"]
[EventRounds "10"]
[EventCountry "GGB"]
[SourceTitle "CBM 104 Extra"]
[Source "ChessBase"]
[SourceDate "2005.03.01"]
[SourceVersion "1"]
[SourceVersionDate "2005.03.01"]
[SourceQuality "1"]

1. e4 e6 2. Nc3 d5 3. Nf3 Nf6 4. e5 Nfd7 5. d4 c5 6. dxc5 Nc6 7. Bf4 Bxc5 8. Bd3 f6 9. exf6 Qxf6 10. Bg5 Qf7 11. Bh4 Nde5 12. Nxe5 Nxe5 13. Bb5+ Nc6 14. 0-0 0-0 15. Bg3 a6 16. Bd3 b5 17. a3 Bb7 18. Qd2 Rad8 19. Rae1 Rfe8 20. b4 Ba7 21. Qg5 Bd4 22. Ne2 Bf6 23. Qg4 e5 24. f3 Ne7 25. Qh3 e4 26. fxe4 dxe4 27. Be5 exd3 28. cxd3 Ng6 29. Bxf6 gxf6 0-1